00523nam a2200157Ia 4500003000900000008004100009040001600050080002300066100001700089245009500106260006800201300001300269650004100282650002300323650001900346IN-BaIIA211028s9999 xx 000 0 eng d cIIA Library a523.9:520.876bPRO aNoyes, R. W. 0aProbing the depths of a starcR. W. Noyes  aWashingtonbNational Aeronautics and Space Administrationc1984 axv, 76p. aAstronomy and astrophysics thesaurus aSolar oscillations aSpace sciences